[Event "Quebec-ch A U20 Pepsico"]
[Site "Montreal CAN"]
[Date "2012.02.11"]
[Round "2"]
[White "Zhu, Hong Rui"]
[Black "Jiang, Louie"]
[Result "1/2-1/2"]
[WhiteElo "2103"]
[BlackElo "2363"]
[PlyCount "65"]
[GameId "2160767909576655"]
[EventDate "2012.02.10"]
[EventType "swiss"]
[EventRounds "5"]
[EventCountry "CAN"]
[SourceTitle "hb 2012"]

1. e4 c5 2. Nf3 a6 3. c3 d5 4. e5 Nc6 5. d4 Bg4 6. Be2 Bxf3 7. Bxf3 e6 8. Be3 cxd4 9. cxd4 Qb6 10. Qd2 Nge7 11. O-O Nf5 12. Rd1 Bb4 13. Nc3 O-O 14. Rac1 Rac8 15. Qd3 Be7 16. Nxd5 Qxb2 17. Nxe7+ Ncxe7 18. Rb1 Qxa2 19. Bxb7 Nxe3 20. fxe3 Rc7 21. Qxa6 Qc2 22. Qd3 Qa4 23. Rdc1 Rxc1+ 24. Rxc1 Rb8 25. Be4 g6 26. Rb1 Rc8 27. h3 Qa5 28. Kh2 Rc3 29. Qd2 Qa3 30. Rb8+ Rc8 31. Rxc8+ Nxc8 32. Qd3 Qb4 33. Bf3 1/2-1/2

[Event "Quebec-ch A U20 Pepsico"]
[Site "Montreal CAN"]
[Date "2012.02.11"]
[Round "3"]
[White "Chang, Michael"]
[Black "Amarouche, Hakim"]
[Result "1-0"]
[WhiteElo "1806"]
[BlackElo "1549"]
[PlyCount "75"]
[GameId "2160767909576656"]
[EventDate "2012.02.10"]
[EventType "swiss"]
[EventRounds "5"]
[EventCountry "CAN"]
[SourceTitle "EXT 2022"]
[Source "ChessBase"]
[SourceDate "2021.10.06"]
[SourceVersion "1"]
[SourceVersionDate "2021.10.06"]
[SourceQuality "1"]

1. e4 e5 2. Nf3 Nc6 3. d4 exd4 4. Nxd4 Nxd4 5. Qxd4 d6 6. Nc3 Nf6 7. Bc4 Be6 8. O-O Bxc4 9. Qxc4 Be7 10. Qb5+ Nd7 11. Qxb7 O-O 12. Nd5 Nc5 13. Qxc7 Nxe4 14. Nxe7+ Kh8 15. Qxd8 Raxd8 16. Re1 Nf6 17. Bg5 Rd7 18. Bxf6 gxf6 19. Nd5 f5 20. Re3 f6 21. Rg3 Rg7 22. Rf3 Rc8 23. Re1 Rg5 24. Nxf6 Rxc2 25. h4 Rg6 26. Rxf5 Rxb2 27. h5 Rh6 28. Rg5 Rb8 29. Ng4 Rg8 30. Rxg8+ Kxg8 31. Nxh6+ Kg7 32. Nf5+ Kf6 33. Nxd6 Kg5 34. Kh2 Kxh5 35. Re6 h6 36. Kh3 Kg5 37. Kg3 h5 38. f4# 1-0

[Event "Quebec-ch A U20 Pepsico"]
[Site "Montreal CAN"]
[Date "2012.02.11"]
[Round "3"]
[White "Chiku-Ratte, Olivier-Kenta"]
[Black "Zhu, Hong Rui"]
[Result "1-0"]
[WhiteElo "2122"]
[BlackElo "2103"]
[PlyCount "145"]
[GameId "2160767909576657"]
[EventDate "2012.02.10"]
[EventType "swiss"]
[EventRounds "5"]
[EventCountry "CAN"]
[SourceTitle "EXT 2022"]
[Source "ChessBase"]
[SourceDate "2021.10.06"]
[SourceVersion "1"]
[SourceVersionDate "2021.10.06"]
[SourceQuality "1"]

1. d4 d5 2. c4 e6 3. Nc3 Nf6 4. cxd5 exd5 5. Bg5 Be7 6. e3 O-O 7. Bd3 c6 8. Qc2 Nbd7 9. Nf3 Re8 10. O-O Nf8 11. h3 Be6 12. Rfe1 Ne4 13. Bf4 Bf5 14. Rab1 Bd6 15. Bxd6 Qxd6 16. Nh4 Bg6 17. Nxg6 hxg6 18. Bxe4 dxe4 19. Nxe4 Qe7 20. Nc3 Qe6 21. Rec1 g5 22. b4 a6 23. Na4 Rab8 24. Nc5 Qd5 25. Qc4 Qf5 26. Qd3 Qc8 27. a4 g4 28. hxg4 Qxg4 29. Qd1 Qg5 30. Qf3 Ne6 31. b5 axb5 32. axb5 cxb5 33. Nxe6 Rxe6 34. Rc5 Qg6 35. Rbxb5 b6 36. Rh5 Qc2 37. Qh3 Qc1+ 38. Kh2 Qc7+ 39. f4 Kf8 40. Rbe5 Qd6 41. Qh4 Rh6 42. Rxh6 gxh6 43. Qh5 Kg7 44. Qg4+ Kh7 45. Qf5+ Kg7 46. Qg4+ Kh7 47. Qf5+ Kg7 48. Rd5 Qe7 49. Qe5+ Qxe5 50. Rxe5 b5 51. Rc5 b4 52. Rc2 b3 53. Rb2 Kf6 54. Kg3 Ke6 55. e4 Rb4 56. f5+ Kf6 57. Kf4 Rxd4 58. Rxb3 Kg7 59. Ke5 Ra4 60. Rg3+ Kf8 61. f6 Ra5+ 62. Kf4 Rh5 63. Rh3 Rg5 64. g4 Rg6 65. e5 Kg8 66. Rd3 Rg5 67. Rd8+ Kh7 68. Rf8 Rh5 69. Rxf7+ Kg8 70. Rg7+ Kh8 71. Rh7+ Kxh7 72. gxh5 Kg8 73. Kf5 1-0

[Event "Quebec-ch A U20 Pepsico"]
[Site "Montreal CAN"]
[Date "2012.02.11"]
[Round "3"]
[White "Cote-Lalumiere, Tristan"]
[Black "Isaev, Nikolay"]
[Result "1/2-1/2"]
[WhiteElo "1958"]
[BlackElo "1680"]
[PlyCount "161"]
[GameId "2160767909576658"]
[EventDate "2012.02.10"]
[EventType "swiss"]
[EventRounds "5"]
[EventCountry "CAN"]
[SourceTitle "EXT 2022"]
[Source "ChessBase"]
[SourceDate "2021.10.06"]
[SourceVersion "1"]
[SourceVersionDate "2021.10.06"]
[SourceQuality "1"]

1. e4 c5 2. Nf3 d6 3. Nc3 Nf6 4. d4 cxd4 5. Nxd4 g6 6. Be3 Bg7 7. Be2 O-O 8. O-O Nc6 9. Kh1 Bd7 10. f4 a6 11. g4 Nxd4 12. Bxd4 Bc6 13. Bf3 Qc7 14. h4 e5 15. Be3 b5 16. g5 Nd7 17. f5 Rfe8 18. h5 Nb6 19. fxg6 fxg6 20. Bxb6 Qxb6 21. h6 Bf8 22. Nd5 Bxd5 23. Qxd5+ Kh8 24. Bg4 Qd4 25. Qb7 Be7 26. Rf3 Rab8 27. Qc6 Bxg5 28. Qc7 Be7 29. Re1 Qb6 30. Qd7 Qb7 31. Qxb7 Rxb7 32. Rf7 Rf8 33. Ref1 Rbb8 34. Be6 Rxf7 35. Rxf7 Bg5 36. Rd7 Rd8 37. Ra7 Bxh6 38. Rxa6 Bc1 39. b3 b4 40. Ra4 Bd2 41. a3 bxa3 42. Rxa3 Bb4 43. Ra4 Bc5 44. b4 Bd4 45. Ra5 Kg7 46. c4 Kf6 47. Bd5 Rb8 48. c5 dxc5 49. bxc5 Rc8 50. c6 Rc7 51. Kg2 Kg5 52. Ra8 Kh4 53. Rb8 h5 54. Rf8 g5 55. Rf5 Kg4 56. Rf8 h4 57. Be6+ Kh5 58. Bf5 Rxc6 59. Kf3 Rc3+ 60. Ke2 Kh6 61. Rf7 g4 62. Rh7+ Kg5 63. Rg7+ Kf6 64. Rxg4 h3 65. Rg6+ Kf7 66. Rh6 h2 67. Bg4 Rc2+ 68. Kf3 Kg7 69. Rh5 Bg1 70. Kg3 Rc3+ 71. Kg2 Re3 72. Bf3 Kg6 73. Rh3 Kf6 74. Rh6+ Ke7 75. Rh3 Kd6 76. Rg3 Kc5 77. Kh1 Kd4 78. Rh3 Kc3 79. Bg4 Rxh3 80. Bxh3 Kd3 81. Bf5 1/2-1/2

[Event "Quebec-ch A U20 Pepsico"]
[Site "Montreal CAN"]
[Date "2012.02.11"]
[Round "3"]
[White "Jiang, Louie"]
[Black "Yun, Chang"]
[Result "1-0"]
[WhiteElo "2363"]
[BlackElo "1958"]
[PlyCount "55"]
[GameId "2160767909576659"]
[EventDate "2012.02.10"]
[EventType "swiss"]
[EventRounds "5"]
[EventCountry "CAN"]
[SourceTitle "EXT 2022"]
[Source "ChessBase"]
[SourceDate "2021.10.06"]
[SourceVersion "1"]
[SourceVersionDate "2021.10.06"]
[SourceQuality "1"]

1. e4 c5 2. Nc3 Nc6 3. f4 e6 4. Nf3 Nge7 5. d3 d6 6. g3 g6 7. Bg2 Bg7 8. Be3 Nd4 9. Qd2 Qa5 10. O-O O-O 11. Nd5 Qd8 12. Nxe7+ Qxe7 13. c3 Nxf3+ 14. Bxf3 Rd8 15. Rac1 e5 16. Qg2 Rb8 17. Rce1 b6 18. g4 exf4 19. Bxf4 Be5 20. Be3 Be6 21. a3 Bg7 22. g5 Qd7 23. Rf2 d5 24. Bf4 Rbc8 25. exd5 Bxd5 26. Bxd5 Qxd5 27. Re8+ Bf8 28. Qxd5 1-0

[Event "Quebec-ch A U20 Pepsico"]
[Site "Montreal CAN"]
[Date "2012.02.11"]
[Round "3"]
[White "Kraiouchkine, Nikita"]
[Black "Kovalyov, Anton"]
[Result "0-1"]
[WhiteElo "2339"]
[BlackElo "2595"]
[PlyCount "102"]
[GameId "2160767909576660"]
[EventDate "2012.02.10"]
[EventType "swiss"]
[EventRounds "5"]
[EventCountry "CAN"]
[SourceTitle "hb 2012"]

1. g3 d5 2. Bg2 Nf6 3. Nf3 c6 4. O-O Bf5 5. d4 h6 6. c4 e6 7. b3 Nbd7 8. Bb2 Be7 9. Nbd2 O-O 10. Ne5 Bh7 11. e3 Nxe5 12. dxe5 Nd7 13. cxd5 cxd5 14. e4 Nb6 15. Qe2 Rc8 16. Rac1 Qd7 17. Rfd1 Rxc1 18. Rxc1 Rd8 19. exd5 Nxd5 20. Nc4 Nb4 21. Nd6 Bxd6 22. exd6 Qxd6 23. Qg4 Bg6 24. Be4 Nd3 25. Rd1 Qb4 26. Qh4 Rd7 27. Bxd3 Qxh4 28. gxh4 Bxd3 29. f3 Kh7 30. Rd2 f6 31. Kf2 Rc7 32. Bd4 Bf5 33. Bxa7 Kg6 34. Kg3 e5 35. Kg2 Rc3 36. Bb6 Kh5 37. Ba5 Rc1 38. Kg3 Rg1+ 39. Rg2 Rxg2+ 40. Kxg2 Kxh4 41. Be1+ Kh5 42. Kf2 g5 43. Kg3 Bb1 44. a3 Kg6 45. Bd2 f5 46. h4 f4+ 47. Kh2 Ba2 48. hxg5 hxg5 49. a4 Bxb3 50. a5 Bd5 51. Bc3 Kf5 0-1

[Event "Quebec-ch A U20 Pepsico"]
[Site "Montreal CAN"]
[Date "2012.02.11"]
[Round "3"]
[White "Luo, Alan"]
[Black "Sprumont, Oscar"]
[Result "0-1"]
[WhiteElo "1214"]
[BlackElo "1798"]
[PlyCount "60"]
[GameId "2160767909576661"]
[EventDate "2012.02.10"]
[EventType "swiss"]
[EventRounds "5"]
[EventCountry "CAN"]
[SourceTitle "EXT 2022"]
[Source "ChessBase"]
[SourceDate "2021.10.06"]
[SourceVersion "1"]
[SourceVersionDate "2021.10.06"]
[SourceQuality "1"]

1. e4 e5 2. f4 exf4 3. Nf3 d5 4. exd5 c6 5. Nc3 Bd6 6. Bc4 Ne7 7. d4 O-O 8. O-O Bg4 9. Qe1 Ng6 10. Ne5 Qb6 11. Nxg6 Qxd4+ 12. Qf2 Qxf2+ 13. Rxf2 hxg6 14. Ne4 Bc7 15. Kh1 Re8 16. d6 Rxe4 17. dxc7 Rxc4 18. cxb8=Q+ Rxb8 19. Bxf4 Re8 20. Raf1 Bf5 21. c3 Rce4 22. h3 Be6 23. a3 Bc4 24. Rd1 Bd5 25. Bd6 Re2 26. Rxe2 Rxe2 27. Rg1 Rxb2 28. Kh2 Rc2 29. Be5 f6 30. Bd4 b6 0-1

[Event "Quebec-ch A U20 Pepsico"]
[Site "Montreal CAN"]
[Date "2012.02.11"]
[Round "3"]
[White "Luo, Zhao Yang"]
[Black "Nikulich, Oleksandr"]
[Result "1-0"]
[WhiteElo "2087"]
[BlackElo "1774"]
[PlyCount "179"]
[GameId "2160767909576662"]
[EventDate "2012.02.10"]
[EventType "swiss"]
[EventRounds "5"]
[EventCountry "CAN"]
[SourceTitle "EXT 2022"]
[Source "ChessBase"]
[SourceDate "2021.10.06"]
[SourceVersion "1"]
[SourceVersionDate "2021.10.06"]
[SourceQuality "1"]

1. d4 Nf6 2. Nf3 e6 3. e3 b6 4. Bd3 Bb7 5. O-O c5 6. b3 Be7 7. Bb2 O-O 8. Nbd2 Qc7 9. Qe2 cxd4 10. exd4 Nh5 11. Qe5 Qxe5 12. dxe5 Nf4 13. Be4 Nc6 14. g3 Ng6 15. Rfd1 Ba6 16. c4 Rac8 17. h4 Rfd8 18. Bxg6 hxg6 19. Ne4 Bb7 20. Nd6 Bxd6 21. Rxd6 Ne7 22. Nd4 Nf5 23. Nxf5 gxf5 24. Rad1 Bc6 25. a4 a5 26. Bd4 Rb8 27. Be3 Rdc8 28. Kf1 Rb7 29. Ke2 Kh7 30. f3 Rh8 31. Rc1 Rhb8 32. Rd3 Kg8 33. Bd2 Kh7 34. Kd1 Kg8 35. Kc2 Kh7 36. Kb2 Kg8 37. Ka3 Kh7 38. Rb1 Ra8 39. Kb2 Rab8 40. Kc1 Kg8 41. Kd1 Kh7 42. Ke2 Kg8 43. Bc3 Kh7 44. Rd2 Kg8 45. Rdb2 Ra8 46. Ra1 Rba7 47. Bd4 Ra6 48. Ke3 Kh7 49. Rg1 Rh8 50. Rgg2 Kg8 51. Bc3 Ra8 52. Be1 Ra6 53. g4 fxg4 54. Rxg4 g6 55. Bg3 Rh5 56. Bf4 Ra8 57. Bg5 Kh7 58. Bf6 Rf5 59. Rf4 Re8 60. Rg2 Bb7 61. Rg3 Bc6 62. Rfg4 d6 63. f4 d5 64. cxd5 Bxd5 65. Kd2 Rc8 66. Rh3 Rh5 67. Rg5 Be4 68. Rxh5+ gxh5 69. Rg3 Bg6 70. Rc3 Rc5 71. Rxc5 bxc5 72. Bd8 Be4 73. Bxa5 Bd5 74. Kc3 Kg6 75. Bd8 Kf5 76. Bg5 Ke4 77. a5 Kf5 78. a6 Ke4 79. a7 Kf5 80. b4 c4 81. b5 Ke4 82. b6 Ba8 83. Kxc4 Bb7 84. Kc5 Kd3 85. Kd6 Ke4 86. Kc7 Bd5 87. b7 Bxb7 88. Kxb7 f5 89. exf6 e5 90. fxe5 1-0

[Event "Quebec-ch A U20 Pepsico"]
[Site "Montreal CAN"]
[Date "2012.02.11"]
[Round "3"]
[White "Yu, Zong Yang"]
[Black "Leung, Chin"]
[Result "1-0"]
[WhiteElo "1911"]
[BlackElo "1489"]
[PlyCount "97"]
[GameId "2160767909576663"]
[EventDate "2012.02.10"]
[EventType "swiss"]
[EventRounds "5"]
[EventCountry "CAN"]
[SourceTitle "EXT 2022"]
[Source "ChessBase"]
[SourceDate "2021.10.06"]
[SourceVersion "1"]
[SourceVersionDate "2021.10.06"]
[SourceQuality "1"]

1. d4 Nf6 2. c4 c5 3. d5 b5 4. cxb5 a6 5. bxa6 Bxa6 6. Nc3 g6 7. g3 Bg7 8. Bg2 d6 9. Nf3 O-O 10. O-O Nbd7 11. Qc2 Qc7 12. Rd1 Rfb8 13. h3 Nb6 14. e4 Nfd7 15. a4 Nc4 16. Ra2 Rb4 17. Bf4 Rab8 18. Rb1 Rb3 19. Nb5 R3xb5 20. axb5 Bxb5 21. Bf1 Nce5 22. Nxe5 Nxe5 23. Bxe5 Bxe5 24. Bxb5 Rxb5 25. Kg2 Kg7 26. Ra4 Qb6 27. b3 h5 28. Qa2 Kf6 29. Ra6 Qb7 30. Ra7 Qb6 31. Qa6 Qxa6 32. Rxa6 c4 33. b4 g5 34. Rc6 c3 35. Rc4 g4 36. h4 e6 37. dxe6 fxe6 38. Kf1 d5 39. exd5 exd5 40. Rc6+ Kf5 41. Rh6 Ke4 42. Re1+ Kd3 43. Rxe5 Kc4 44. Rc6+ Kxb4 45. Rxh5 Ra5 46. Rg5 Ra1+ 47. Ke2 Ra2+ 48. Ke3 Rd2 49. Rxg4+ 1-0

[Event "Quebec-ch A U20 Pepsico"]
[Site "Montreal CAN"]
[Date "2012.02.12"]
[Round "4"]
[White "Amarouche, Hakim"]
[Black "Luo, Alan"]
[Result "1-0"]
[WhiteElo "1574"]
[BlackElo "1214"]
[PlyCount "53"]
[GameId "2160767909576664"]
[EventDate "2012.02.10"]
[EventType "swiss"]
[EventRounds "5"]
[EventCountry "CAN"]
[SourceTitle "EXT 2022"]
[Source "ChessBase"]
[SourceDate "2021.10.06"]
[SourceVersion "1"]
[SourceVersionDate "2021.10.06"]
[SourceQuality "1"]

1. d4 d5 2. Bf4 Nf6 3. e3 Bf5 4. Bd3 e6 5. Bxf5 exf5 6. Qd3 Qd7 7. Nf3 Nc6 8. O-O Ne4 9. c4 Nb4 10. Qb3 g5 11. Bxg5 a5 12. cxd5 a4 13. Qc4 b5 14. Qc1 Qxd5 15. Nc3 Qb7 16. a3 Nxg5 17. Nxg5 h6 18. Nf3 Rg8 19. e4 Nd3 20. Qe3 Nxb2 21. exf5+ Kd8 22. Rfe1 Qc6 23. Rab1 Nc4 24. Qe2 Nd2 25. d5 Nxf3+ 26. Qxf3 Qf6 27. Rxb5 1-0

[Event "Quebec-ch A U20 Pepsico"]
[Site "Montreal CAN"]
[Date "2012.02.12"]
[Round "4"]
[White "Isaev, Nikolay"]
[Black "Chang, Michael"]
[Result "1/2-1/2"]
[WhiteElo "1680"]
[BlackElo "1806"]
[PlyCount "65"]
[GameId "2160767909576665"]
[EventDate "2012.02.10"]
[EventType "swiss"]
[EventRounds "5"]
[EventCountry "CAN"]
[SourceTitle "EXT 2022"]
[Source "ChessBase"]
[SourceDate "2021.10.06"]
[SourceVersion "1"]
[SourceVersionDate "2021.10.06"]
[SourceQuality "1"]

1. d4 Nf6 2. Nc3 d5 3. Bg5 c6 4. e3 Bf5 5. f4 e6 6. Nf3 Bb4 7. Bd3 Bg4 8. O-O Nbd7 9. h3 Bxf3 10. Qxf3 Qb6 11. Ne2 Be7 12. a4 c5 13. a5 Qc6 14. c3 h6 15. Bxf6 Nxf6 16. dxc5 Bxc5 17. b4 Be7 18. b5 Qc5 19. c4 O-O 20. Rfc1 Rac8 21. a6 b6 22. Nd4 dxc4 23. Nc6 Rxc6 24. bxc6 c3 25. Ra4 Nd5 26. Rc4 Qxe3+ 27. Qxe3 Nxe3 28. R4xc3 Nd5 29. Rc4 Bc5+ 30. Rxc5 bxc5 31. g3 Rc8 32. Rxc5 Kf8 33. Rb5 1/2-1/2

[Event "Quebec-ch A U20 Pepsico"]
[Site "Montreal CAN"]
[Date "2012.02.12"]
[Round "4"]
[White "Kovalyov, Anton"]
[Black "Jiang, Louie"]
[Result "1/2-1/2"]
[WhiteElo "2595"]
[BlackElo "2363"]
[PlyCount "33"]
[GameId "2160767909576666"]
[EventDate "2012.02.10"]
[EventType "swiss"]
[EventRounds "5"]
[EventCountry "CAN"]
[SourceTitle "hb 2012"]

1. c4 Nf6 2. Nc3 e6 3. e4 d5 4. e5 d4 5. exf6 dxc3 6. bxc3 Qxf6 7. d4 c5 8. Nf3 h6 9. Bd3 Nc6 10. Be4 Bd6 11. O-O O-O 12. Re1 Rd8 13. Rb1 e5 14. dxc5 Bxc5 15. Qa4 Bf5 16. Rxb7 Rac8 17. Rb5 1/2-1/2

[Event "Quebec-ch A U20 Pepsico"]
[Site "Montreal CAN"]
[Date "2012.02.12"]
[Round "4"]
[White "Leung, Chin"]
[Black "Samikov, Chingis"]
[Result "1-0"]
[WhiteElo "1489"]
[BlackElo "1417"]
[PlyCount "123"]
[GameId "2160767909576667"]
[EventDate "2012.02.10"]
[EventType "swiss"]
[EventRounds "5"]
[EventCountry "CAN"]
[SourceTitle "EXT 2022"]
[Source "ChessBase"]
[SourceDate "2021.10.06"]
[SourceVersion "1"]
[SourceVersionDate "2021.10.06"]
[SourceQuality "1"]

1. e4 c5 2. Nf3 Nc6 3. d4 cxd4 4. Nxd4 e5 5. Nf3 Nf6 6. Nc3 Bb4 7. Bd3 d5 8. exd5 Nxd5 9. Bd2 Nxc3 10. Bxc3 Bxc3+ 11. bxc3 Qa5 12. Qd2 Bg4 13. O-O Bxf3 14. gxf3 O-O 15. Kh1 Kh8 16. Rg1 Qd5 17. Qe3 f5 18. Rab1 b6 19. c4 Qd4 20. Qg5 g6 21. Rg3 Qf4 22. Qxf4 exf4 23. Rh3 Kg7 24. c5 Rab8 25. cxb6 Rxb6 26. Re1 Rf7 27. Rh4 g5 28. Rg1 Kf6 29. Rh5 Rg7 30. h4 Nd4 31. hxg5+ Kg6 32. Rh3 Kf7 33. c3 Ne6 34. Bc4 Kg6 35. Rh6+ Kf7 36. Rf6+ Ke7 37. Re1 Rg6 38. Rxf5 Rc6 39. Bxe6 Rcxe6 40. Rxe6+ Kxe6 41. Rxf4 Rxg5 42. Re4+ Kd7 43. Ra4 a5 44. Rh4 h5 45. f4 Rf5 46. Kg2 Ke6 47. Kf3 Kd5 48. Rh3 Kd6 49. Ke4 Ke6 50. c4 Rc5 51. Kd4 Kd6 52. Rf3 Rf5 53. a4 h4 54. Ke4 Ke6 55. Rh3 Rh5 56. f3 Ke7 57. Rh2 h3 58. Ke3 Ke6 59. Kf2 Rc5 60. Rxh3 Rxc4 61. Rh4 Rxa4 62. f5+ 1-0

[Event "Quebec-ch A U20 Pepsico"]
[Site "Montreal CAN"]
[Date "2012.02.12"]
[Round "4"]
[White "Luo, Zhao Yang"]
[Black "Kraiouchkine, Nikita"]
[Result "0-1"]
[WhiteElo "2087"]
[BlackElo "2339"]
[PlyCount "66"]
[GameId "2160767909576668"]
[EventDate "2012.02.10"]
[EventType "swiss"]
[EventRounds "5"]
[EventCountry "CAN"]
[SourceTitle "EXT 2022"]
[Source "ChessBase"]
[SourceDate "2021.10.06"]
[SourceVersion "1"]
[SourceVersionDate "2021.10.06"]
[SourceQuality "1"]

1. d4 Nf6 2. Nf3 g6 3. Bg5 Ne4 4. Bh4 Bg7 5. c3 d5 6. Nbd2 c5 7. dxc5 Nxc5 8. e3 Bd7 9. Be2 Ba4 10. Qc1 Qb6 11. O-O Nc6 12. Nd4 e5 13. Nxc6 Bxc6 14. Nf3 O-O 15. Be7 Rfe8 16. Bxc5 Qxc5 17. Qd2 Rad8 18. Rfd1 Qe7 19. Re1 g5 20. Qc2 g4 21. Nd2 Qg5 22. Rad1 f5 23. Bd3 Rf8 24. Nb3 Rd6 25. Nd2 e4 26. Be2 h5 27. g3 h4 28. Kg2 Rh6 29. Rh1 Be5 30. Rdg1 f4 31. gxf4 Bxf4 32. Kf1 Bxe3 33. Rxg4 Rxf2+ 0-1

[Event "Quebec-ch A U20 Pepsico"]
[Site "Montreal CAN"]
[Date "2012.02.12"]
[Round "4"]
[White "Nikulich, Oleksandr"]
[Black "Guentchev, Radoslav"]
[Result "1-0"]
[WhiteElo "1774"]
[BlackElo "1421"]
[PlyCount "77"]
[GameId "2160767909576669"]
[EventDate "2012.02.10"]
[EventType "swiss"]
[EventRounds "5"]
[EventCountry "CAN"]
[SourceTitle "EXT 2022"]
[Source "ChessBase"]
[SourceDate "2021.10.06"]
[SourceVersion "1"]
[SourceVersionDate "2021.10.06"]
[SourceQuality "1"]

1. Nf3 Nf6 2. c4 c5 3. g3 g6 4. Bg2 Bg7 5. Nc3 Nc6 6. d4 cxd4 7. Nxd4 O-O 8. O-O e5 9. Ndb5 a6 10. Nd6 Qc7 11. Be3 Nd4 12. Nxc8 Raxc8 13. Bxd4 exd4 14. Qxd4 Nh5 15. Qd2 Bxc3 16. Qxc3 Qxc4 17. Bxb7 Qxc3 18. bxc3 Rxc3 19. Bxa6 Ra3 20. Bc4 Nf6 21. Rfd1 Rfa8 22. Rac1 d5 23. Bb3 Rd8 24. Rc7 Ra6 25. f3 Rad6 26. Rd4 R6d7 27. Rxd7 Rxd7 28. Kf2 Kf8 29. e4 dxe4 30. Rxd7 e3+ 31. Kxe3 Nxd7 32. Kd4 Ke7 33. a4 f5 34. Kd5 Kf6 35. a5 f4 36. a6 fxg3 37. hxg3 h5 38. Kd6 Nb6 39. Kc7 1-0

[Event "Quebec-ch A U20 Pepsico"]
[Site "Montreal CAN"]
[Date "2012.02.12"]
[Round "4"]
[White "Sprumont, Oscar"]
[Black "Cote-Lalumiere, Tristan"]
[Result "1-0"]
[WhiteElo "1798"]
[BlackElo "1956"]
[PlyCount "95"]
[GameId "2160767909576670"]
[EventDate "2012.02.10"]
[EventType "swiss"]
[EventRounds "5"]
[EventCountry "CAN"]
[SourceTitle "EXT 2022"]
[Source "ChessBase"]
[SourceDate "2021.10.06"]
[SourceVersion "1"]
[SourceVersionDate "2021.10.06"]
[SourceQuality "1"]

1. e4 e6 2. d4 c5 3. d5 exd5 4. exd5 d6 5. Nf3 g6 6. Be2 Bg7 7. O-O Ne7 8. Na3 a6 9. Nc4 b5 10. Ne3 O-O 11. c3 Bb7 12. a4 c4 13. axb5 axb5 14. Rxa8 Bxa8 15. Nd4 Qb6 16. Ndc2 Bb7 17. Nb4 Na6 18. Nec2 Nc5 19. Re1 Ne4 20. Be3 Qa5 21. Bd4 Qa8 22. Bxg7 Kxg7 23. Qd4+ Nf6 24. g4 h6 25. f4 g5 26. fxg5 hxg5 27. h4 Rh8 28. Rf1 Nexd5 29. Nxd5 Bxd5 30. Qxf6+ Kg8 31. Nd4 gxh4 32. Nf5 Rh7 33. Ne7+ Kf8 34. Nxd5 Qxd5 35. Qf5 Qe5 36. Qxe5 dxe5 37. Rf5 Rh6 38. Rxe5 Rb6 39. b3 cxb3 40. Rxb5 Re6 41. Kf2 Re4 42. Rxb3 f5 43. Rb4 Re5 44. Rf4 Ke7 45. Rxf5 Re6 46. Rh5 Rf6+ 47. Ke1 Rc6 48. c4 1-0

[Event "Quebec-ch A U20 Pepsico"]
[Site "Montreal CAN"]
[Date "2012.02.12"]
[Round "4"]
[White "Yu, Zong Yang"]
[Black "Chiku-Ratte, Olivier-Kenta"]
[Result "0-1"]
[WhiteElo "1911"]
[BlackElo "2122"]
[PlyCount "84"]
[GameId "2160767909576671"]
[EventDate "2012.02.10"]
[EventType "swiss"]
[EventRounds "5"]
[EventCountry "CAN"]
[SourceTitle "EXT 2022"]
[Source "ChessBase"]
[SourceDate "2021.10.06"]
[SourceVersion "1"]
[SourceVersionDate "2021.10.06"]
[SourceQuality "1"]

1. d4 Nf6 2. c4 c5 3. d5 e6 4. Nc3 exd5 5. cxd5 d6 6. e4 g6 7. Be2 Bg7 8. Bg5 O-O 9. Nf3 Bg4 10. Nd2 Bxe2 11. Qxe2 a6 12. a4 Qc7 13. O-O Nbd7 14. f4 Rfe8 15. Qd3 c4 16. Qxc4 Qb6+ 17. Kh1 Qxb2 18. Ra2 Qb6 19. a5 Qa7 20. Bxf6 Nxf6 21. Qb4 Ng4 22. Nd1 Rac8 23. h3 Ne3 24. Nxe3 Qxe3 25. Qxb7 Bc3 26. Nf3 Qxe4 27. Ng5 Qf5 28. g4 Qf6 29. Ra4 Bd2 30. Qxa6 h6 31. Ne4 Qh4 32. Qd3 Rxe4 33. Rxe4 Rc3 34. Qxc3 Bxc3 35. Rf3 Bxa5 36. f5 gxf5 37. Re8+ Kh7 38. gxf5 Bb6 39. Re2 Qd4 40. Rf1 Qxd5+ 41. Rg2 Qd3 42. Rf4 Qxh3+ 0-1

[Event "Quebec-ch A U20 Pepsico"]
[Site "Montreal CAN"]
[Date "2012.02.12"]
[Round "4"]
[White "Zhu, Hong Rui"]
[Black "Yun, Chang"]
[Result "1/2-1/2"]
[WhiteElo "2103"]
[BlackElo "1958"]
[PlyCount "132"]
[GameId "2160767909576672"]
[EventDate "2012.02.10"]
[EventType "swiss"]
[EventRounds "5"]
[EventCountry "CAN"]
[SourceTitle "EXT 2022"]
[Source "ChessBase"]
[SourceDate "2021.10.06"]
[SourceVersion "1"]
[SourceVersionDate "2021.10.06"]
[SourceQuality "1"]

1. e4 c5 2. Nf3 d6 3. d4 cxd4 4. Nxd4 Nf6 5. f3 Nc6 6. Bb5 Bd7 7. Bxc6 Bxc6 8. c4 g6 9. Nc3 Bg7 10. Be3 O-O 11. Rc1 Nd7 12. O-O Rc8 13. Qd2 Re8 14. Kh1 Qa5 15. Rfd1 Ne5 16. b3 Bd7 17. Nde2 Bc6 18. Nd4 Bd7 19. h3 Nc6 20. Nd5 Qxd2 21. Rxd2 Bxd4 22. Bxd4 Nxd4 23. Rxd4 b5 24. Rc2 Be6 25. Ne3 bxc4 26. Nxc4 Rc5 27. Ne3 Rec8 28. Rdd2 Kg7 29. Kg1 f5 30. exf5 gxf5 31. f4 Kf6 32. Kf2 Rxc2 33. Rxc2 Rxc2+ 34. Nxc2 Bd7 35. Ke3 e5 36. fxe5+ dxe5 37. Nb4 f4+ 38. Kf2 Bc8 39. Nc6 a6 40. b4 h5 41. a4 h4 42. b5 axb5 43. axb5 Ke6 44. b6 Kd6 45. Nd8 Ba6 46. Kf3 Kd7 47. b7 Kc7 48. b8=Q+ Kxb8 49. Nc6+ Kc7 50. Nxe5 Bb7+ 51. Kf2 Be4 52. Nf3 Kd6 53. Nxh4 Ke5 54. Ke2 Kf6 55. Nf3 Kf5 56. Kd2 Bb7 57. Ke2 Ba6+ 58. Kf2 Bb7 59. Nd4+ Ke5 60. Nb3 Kf5 61. Nc5 Bc6 62. Nd3 Kg5 63. Ne5 Bb7 64. Nf3+ Kf5 65. Ke2 Ba6+ 66. Kd2 Ke4 1/2-1/2

[Event "Quebec-ch A U20 Pepsico"]
[Site "Montreal CAN"]
[Date "2012.02.12"]
[Round "5"]
[White "Chiku-Ratte, Olivier-Kenta"]
[Black "Kovalyov, Anton"]
[Result "0-1"]
[WhiteElo "2122"]
[BlackElo "2595"]
[PlyCount "110"]
[GameId "2160767909576673"]
[EventDate "2012.02.10"]
[EventType "swiss"]
[EventRounds "5"]
[EventCountry "CAN"]
[SourceTitle "hb 2012"]

1. d4 Nf6 2. c4 e6 3. Nc3 Bb4 4. e3 c5 5. Nge2 b6 6. a3 Ba5 7. Rb1 Na6 8. f3 O-O 9. d5 b5 10. e4 bxc4 11. Ng3 exd5 12. exd5 Rb8 13. Bd2 Qe7+ 14. Be2 Nc7 15. O-O Bxc3 16. bxc3 Rxb1 17. Qxb1 Ncxd5 18. Bxc4 Nb6 19. Bd3 d5 20. Re1 Qd6 21. Bf5 Be6 22. Bg5 Nbd7 23. Qb7 a6 24. Qb2 h6 25. Be3 Re8 26. Bf2 Bxf5 27. Rxe8+ Nxe8 28. Nxf5 Qe6 29. Ne3 Nef6 30. a4 g6 31. a5 Qc6 32. Qb3 Kg7 33. Kf1 Qe6 34. Qa2 Ne5 35. Qd2 Qc6 36. Bg3 Qb5+ 37. Qe2 Qb1+ 38. Qd1 Qxd1+ 39. Nxd1 Nc4 40. Bc7 Kf8 41. Ke2 Ke7 42. Ne3 Nxe3 43. Kxe3 Ke6 44. Bb6 Nd7 45. Bc7 Ne5 46. h4 Nc4+ 47. Kd3 h5 48. g3 Kd7 49. Bf4 Nxa5 50. g4 Nc4 51. gxh5 gxh5 52. Bg5 a5 53. Bc1 a4 54. Kc2 Ke6 55. Kb1 Ne5 0-1